| 000 | 00449nam a2200193Ia 4500 | ||
|---|---|---|---|
| 008 | 170918s9999 xx 000 0 und d | ||
| 020 | _a9780316067928 | ||
| 050 | _bM613 2008 | ||
| 100 | _aMeyer, Stephanie | ||
| 245 | _aBreaking Dawn / | ||
| 245 | _cby Stephanie Meyer. | ||
| 260 | _aUSA : | ||
| 260 | _bMT Books, | ||
| 260 | _c2008 | ||
| 300 | _a756 pages : | ||
| 300 | _billustrations ; | ||
| 300 | _eTwilight series. | ||
| 500 | _a690 | ||
| 999 |
_c343369 _d343369 |
||